Οθωμανικά ναυπηγεία στον παραδοσιακό ελληνικό χώρο

Αποθηκεύτηκε σε:
Λεπτομέρειες βιβλιογραφικής εγγραφής
Κύριος συγγραφέας: Μπεκιάρογλου-Εξαδάκτυλου, Αικατερίνη
Μορφή: Βιβλίο
Γλώσσα:Greek
Δημοσίευση: Αθήνα : Πολιτιστικό Τεχνολογικό Ιδρυμα ΕΤΒΑ, 2002
Θέματα:
Ετικέτες: Προσθήκη ετικέτας
Δεν υπάρχουν, Καταχωρήστε ετικέτα πρώτοι!

MARC

LEADER 00000nam a2200000 i 4500
001 1/100298
008 950414s2002 gre d
020 |a 960-244-030-9 
035 |l 10011645 
040 |a GR-MY-UA  |b gre  |e aacr 
041 0 |a gre 
100 1 |a Μπεκιάρογλου-Εξαδάκτυλου, Αικατερίνη. 
245 1 0 |a Οθωμανικά ναυπηγεία στον παραδοσιακό ελληνικό χώρο /  |c Αικ. Μπεκιάρογλου-Εξαδάκτυλου 
260 |a Αθήνα :   |b Πολιτιστικό Τεχνολογικό Ιδρυμα ΕΤΒΑ,   |c 2002 
300 |a 181 σ.;  |b εικ.;  |c 24 εκ. 
504 |a Βιβλιογραφία: σ. 165-171. Ευρετήριο 
650 0 0 |a Shipbuilding  |z Greece  |x History. 
650 0 0 |a Shipyards  |z Greece  |x History. 
651 0 |a Greece  |x History, Naval. 
852 |a INST  |b LESVOS  |e 19950414  |h 623.83 ΜΠΕ  |p 005100001582  |q 005100001582  |t BK  |y 0 
852 |a INST  |b SYROS  |e 20090622  |h 623.83 ΜΠΕ  |p 005500008318  |q 005500008318  |t BK  |y 0 
901 |a BIBL5-2009-2 
909 |a Ε  |b 154816 
909 |a Λ  |b 038142 
922 |a 5ΕΛΗ  |b 200709  |c ΒΙΒΛΙΟΘΗΚΗ ΣΥΡΟΥ  |d ΣΤΑΘΟΠΟΥΛΟΣ 
922 |a 1ΔΩΡ  |b 199412 
970 |a ΚΑΓΙΑΒΑ  |b ΕΙΡΗΝΗ  |z 2009/06/22